El derecho de gobernar: cartas federalistas. Escritos de Hamilton, Madison y Jay sobre la Constitución de EE.UU

Bewaard in:
Bibliografische gegevens
Hoofdauteur: Gabriel, Ralph H (Auteur)
Formaat: Boek
Taal:Spaans
Gepubliceerd in: Buenos Aires Agora 1957
Reeks:Hombres y Problemas, 2
Onderwerpen:
Tags: Voeg label toe
Geen labels, Wees de eerste die dit record labelt!

MARC

LEADER 00000nam a2200000 a 4500
001 UCT9707
003 CL-VaPUC
008 970411e19570000AG |||||||||||||||||spa|d
082 0 4 |a 342.73  |b GAB  |2 21 
100 0 |a Gabriel, Ralph H  |e author  |9 382640 
245 1 3 |a El derecho de gobernar: cartas federalistas. Escritos de Hamilton, Madison y Jay sobre la Constitución de EE.UU 
300 |a 219 p 
942 |c BK 
945 |d 19970411 00:00:00  |a paguirre 
260 |a Buenos Aires  |b Agora  |c 1957 
650 0 |a Constituciones  |9 255417 
650 0 |a Derecho constitucional   |9 222588 
650 0 |a Federalismo  |9 313886 
650 0 |a Poder político  |9 255509 
650 0 |a Poder ejecutivo  |9 255177 
650 0 |a Poder judicial  |9 254871 
650 7 |a CAMARA ALTA  |2 CL-VaPUC  |9 338612 
650 7 |a CAMARA BAJA  |2 CL-VaPUC  |9 382641 
651 0 |a Estados Unidos  |9 255178 
583 |a last modification  |c 19970411 00:00:00  |k Rodrigo Vera 
490 0 |a Hombres y Problemas, 2 
999 |c 258086  |d 258084 
952 |0 0  |1 0  |4 0  |6 342_730000000000000_GAB_1957  |7 0  |8 A  |9 281883  |a BIBDER  |b BIBDER  |d 2019-11-19  |i 1828924  |o 342.73 GAB 1957  |p 1828924  |r 2023-01-25  |w 2019-11-19  |y BK  |k DER